মুসলিম বাঙ্গলা : (Record no. 63404)
[ view plain ]
| 000 -LEADER | |
|---|---|
| fixed length control field | 01111nam a2200241 a 4500 |
| 001 - CONTROL NUMBER | |
| control field | 63404 |
| 003 - CONTROL NUMBER IDENTIFIER | |
| rucl marc code | BD-RjUL |
| 005 - DATE AND TIME OF LATEST TRANSACTION | |
| control field | 20211209081208.0 |
| 008 - FIXED-LENGTH DATA ELEMENTS--GENERAL INFORMATION | |
| fixed length control field | 170130s1968 bg a|||| |||| 00| 0 ben d |
| 020 ## - INTERNATIONAL STANDARD BOOK NUMBER | |
| Terms of availability | : Tk. 5.00 |
| 035 ## - SYSTEM CONTROL NUMBER | |
| System control number | (BD-RjUL)63533 |
| 040 ## - CATALOGING SOURCE | |
| Original cataloging agency | BD-RjUL |
| Language of cataloging | ben |
| Transcribing agency | BD-RjUL |
| 041 ## - LANGUAGE CODE | |
| Language code of text/sound track or separate title | ben |
| 082 ## - DEWEY DECIMAL CLASSIFICATION NUMBER | |
| Edition number | 23 |
| Classification number | 891.4409 |
| Author mark and year | KHM 1968 |
| 100 ## - MAIN ENTRY--PERSONAL NAME | |
| Personal name | খান, মৌলভী আবদুল লতীফ |
| 9 (RLIN) | 188654 |
| 245 10 - TITLE STATEMENT | |
| Title | মুসলিম বাঙ্গলা : |
| Remainder of title | আমার যুগে / |
| Statement of responsibility, etc. | মৌলভী আবদুল লতীফ খান ; আবু জাফর শামসুদ্দীন অনূদিত |
| 260 ## - PUBLICATION, DISTRIBUTION, ETC. (IMPRINT) | |
| Place of publication, distribution, etc. | ঢাকা : |
| Name of publisher, distributor, etc. | বাংলা একাডেমী, |
| Date of publication, distribution, etc. | ১৯৬৮ |
| 300 ## - PHYSICAL DESCRIPTION | |
| Pagination | [২৫], ১৩৭ পৃ. : |
| Illustrations | চিত্র ; |
| Size | ২৩ সেমি. |
| 650 ## - SUBJECT ADDED ENTRY--TOPICAL TERM | |
| Topical term or geographic name as entry element | বাংলা সাহিত্য |
| General subdivision | ইতিহাস ও সমালোচনা |
| 9 (RLIN) | 179529 |
| Topical term or geographic name as entry element | Bengali Literature |
| General subdivision | History and Criticism |
| 9 (RLIN) | 188646 |
| 700 ## - ADDED ENTRY--PERSONAL NAME | |
| Personal name | শামসুদ্দীন, আবু জাফর, অনুবাদক |
| 942 ## - ADDED ENTRY ELEMENTS (KOHA) | |
| Source of classification or shelving scheme | Dewey Decimal Classification |
| Koha item type | Books |
| Lost status | Source of classification or shelving scheme | Damaged status | Not for loan | Collection code | Permanent Location | Current Location | Shelving location | Date acquired | Source of acquisition | Total Checkouts | Full call number | Date last seen | Copy number | Koha item type |
|---|---|---|---|---|---|---|---|---|---|---|---|---|---|---|
| Dewey Decimal Classification | Not For Loan | Non-fiction | Central Library, University of Rajshahi | Central Library, University of Rajshahi | Reading Room | 11/07/1990 | Sawkat Osman, Dhaka | B 891.4409 KHM 1968 | 30/01/2017 | C-1 | Books | |||
| Dewey Decimal Classification | Non-fiction | Central Library, University of Rajshahi | Central Library, University of Rajshahi | General Stacks | 10/07/1990 | Shawkat Osman | B 891.4409 KHM 1968 | 06/10/2025 | C-2 | Books |